000 01372cam a2200349 i 4500
001 19623490
003 OSt
005 20230306112618.0
008 170505s2017 dcua f001 0 eng
010 _a 2017022031
020 _a9781911282136 (hardcover)
020 _a9780844495750 (softcover)
040 _aDLC
_beng
_erda
_cDLC
042 _apcc
043 _an-us-dc
_an-us---
050 0 0 _aZ733.U6
_bC563 2017
082 0 0 _a027.573
_223
100 1 _aCole, John Young,
_d1940-
_eauthor.
_921284
245 1 0 _aAmerica's greatest library :
_ban illustrated history of the Library of Congress /
_cJohn Y. Cole, Library of Congress Historian ; foreword by Carla D. Hayden, Librarian of Congress.
260 _aWashington, DC :
_bThe Library of Congress,
_c2017.
300 _a256 pages :
_billustrations (some colour) ;
_c25 cm
336 _atext
_btxt
_2rdacontent
337 _aunmediated
_bn
_2rdamedia
338 _avolume
_bnc
_2rdacarrier
500 _aIncludes index.
505 0 _aPart I. For Congress, 1800-1897 -- Part II. For the nation, 1898-1959 -- Part III. For the world, 1960-2016.
610 2 0 _aLibrary of Congress
_xHistory.
_921285
610 2 0 _aLibrary of Congress
_xHistory
_vPictorial works.
_921286
906 _a7
_bcbc
_corignew
_d1
_eecip
_f20
_gy-gencatlg
942 _2ddc
_cBK1
999 _c22804
_d22804